00518nam a22001937a 4500999001700000003000400017008004100021020001800062082001600080100001500096245003600111250001000147260005100157300000900208650006100217700001700278700001700295942001200312 c11163d11163OSt220418b ||||| |||| 00| 0 eng d a9788177395327 a657.046 GOA aGOEL, D,K. aAdvanced Financial Accounting  a18th  aNew DelhibAvichal Publishing Companyc2019.20 aMISC aAdvanced Financial Accounting Sem. 11 B. Com. 1 (B. Com) aGOEL, Rajesh aGOEL, Shelly 2ddccBK